Introductory astronomy & astrophysics / (Record no. 9277)
[ view plain ]
| 000 -LEADER | |
|---|---|
| fixed length control field | 00896cam a2200313 a 4500 |
| 001 - CONTROL NUMBER | |
| JCCL Control Number | 9277 |
| 003 - CONTROL NUMBER IDENTIFIER | |
| JCCL marc code | BD-JhCC |
| 005 - DATE AND TIME OF LATEST TRANSACTION | |
| control field | 20180527125555.0 |
| 008 - FIXED-LENGTH DATA ELEMENTS--GENERAL INFORMATION | |
| fixed length control field | 971224s1998 txua 001 0 eng |
| 020 ## - INTERNATIONAL STANDARD BOOK NUMBER | |
| International Standard Book Number | 0030062284 |
| 035 ## - SYSTEM CONTROL NUMBER | |
| system control number | (BD-JhCC)9277 |
| 040 ## - CATALOGING SOURCE | |
| Original cataloging agency | DLC |
| Transcribing agency | DLC |
| Modifying agency | DLC |
| -- | BD-JhCC |
| 041 ## - LANGUAGE CODE | |
| Language code of Book | eng |
| 050 00 - LIBRARY OF CONGRESS CALL NUMBER | |
| Classification number | QB45 |
| Item number | .Z43 1998 |
| 082 00 - DEWEY DECIMAL CLASSIFICATION NUMBER | |
| Classification number | 520 |
| DDC Edition number | 21 |
| Author mark and Year | ZEI 1998 |
| 100 1# - MAIN ENTRY--PERSONAL NAME | |
| Personal name | Zeilik, Michael. |
| 245 10 - TITLE STATEMENT | |
| Title | Introductory astronomy & astrophysics / |
| Statement of responsibility, etc | Michael Zeilik, Elske V. P. Smith |
| 246 3# - VARYING FORM OF TITLE | |
| Title proper/short title | Introductory astronomy and astrophysics |
| 250 ## - EDITION STATEMENT | |
| Edition statement | 2nd ed. |
| 260 ## - PUBLICATION, DISTRIBUTION, ETC. (IMPRINT) | |
| Place of publication, distribution, etc | Fort Worth : |
| Name of publisher, distributor, etc | Saunders College Pub., |
| Date of publication, distribution, etc | c1998. |
| 300 ## - PHYSICAL DESCRIPTION | |
| Pagination | 1 v. (various pagings) : |
| Other physical details | ill. ; |
| Dimensions | 26 cm. |
| 490 0# - SERIES STATEMENT | |
| Series statement | Saunders golden sunburst series |
| 500 ## - GENERAL NOTE | |
| General note | Includes index. |
| 650 #0 - SUBJECT ADDED ENTRY--TOPICAL TERM | |
| Topical term or geographic name as entry element | Astronomy. |
| 650 #0 - SUBJECT ADDED ENTRY--TOPICAL TERM | |
| Topical term or geographic name as entry element | Astrophysics. |
| 700 1# - ADDED ENTRY--PERSONAL NAME | |
| Personal name | Smith, Elske V. P. |
| 942 ## - ADDED ENTRY ELEMENTS (KOHA) | |
| Source of classification or shelving scheme | Dewey Decimal Classification |
| Koha item type | Books |
| Source of classification or shelving scheme | Damaged status | Not for loan | Home library | Current library | Shelving location | Date of accession | Total Checkouts | Full call number | Barcode | Date last seen | Date checked out | Copy number | Koha item type |
|---|---|---|---|---|---|---|---|---|---|---|---|---|---|
| Dewey Decimal Classification | JCC Rouf Library | JCC Rouf Library | General Stacks | 04/08/2025 | 1 | 520 ZEI 1998 | 12417 | 04/29/2025 | 04/08/2025 | C - 1 | Books |